The European Capitals of Culture - Statistics

General Stats
  • This quiz has been taken 109 times
    60 since last reset
  • The average score is 30 of 62
Answer Stats
Year Country City % Correct
1985 Greece Athens
100%
1987 Netherlands Amsterdam
94%
1991 Ireland Dublin
90%
1992 Spain Madrid
86%
1989 France Paris
86%
2000 Belgium Brussels
84%
1996 Denmark Copenhagen
84%
1994 Portugal Lisbon
84%
1995 Luxembourg Luxembourg
82%
1988 West Germany West-Berlin
80%
1986 Italy Florence
76%
1998 Sweden Stockholm
76%
2000 Czech Republic Prague
75%
2007 Germany, France & Luxembourg SaarLorLux
75%
2000 Finland Helsinki
71%
2013 France Marseille
69%
2001 Portugal Porto
69%
2000 Iceland Reykjavík
67%
2011 Estonia Tallinn
67%
2005 Ireland Cork
65%
1997 Greece Thessaloniki
65%
1993 Belgium Antwerp
63%
2001 Netherlands Rotterdam
63%
2009 Lithuania Vilnius
63%
2010 Turkey Istanbul
61%
2014 Latvia Riga
61%
2002 Belgium Bruges
59%
2000 Poland Kraków
59%
2018 Malta Valletta
57%
2000 Norway Bergen
53%
2000 Italy Bologna
49%
1990 United Kingdom Glasgow
49%
2004 France Lille
47%
2008 United Kingdom Liverpool
47%
2004 Italy Genoa
41%
2003 Austria Graz
41%
2017 Denmark Aarhus
37%
2009 Austria Linz
37%
2011 Finland Turku
35%
2020 Ireland Galway
33%
2016 Poland Wrocław
31%
2010 Germany Essen
29%
2013 Slovakia Košice
29%
2012 Slovenia Maribor
25%
2019 Bulgaria Plovdiv
25%
2010 Hungary Pécs
24%
2020 Croatia Rijeka
24%
2000 Spain Santiago de Compostela
24%
2008 Norway Stavanger
24%
2016 Spain San Sebastián
20%
2006 Greece Patras
16%
2015 Czech Republic Plzeň
16%
2017 Cyprus Paphos
12%
2002 Spain Salamanca
12%
2014 Sweden Umeå
12%
2000 France Avignon
10%
2015 Belgium Mons
10%
2007 Romania Sibiu
8%
2018 Netherlands Leeuwarden
6%
2019 Italy Matera
4%
1999 Germany Weimar
4%
2012 Portugal Guimarães
2%
No matching quizzes found
Score Distribution
Percent of People with Each Score
Percentile by Number Answered
Your Score History
You have not taken this quiz since the last reset